[Event "Leipzig VfB op 18th"]
[Site "Leipzig"]
[Date "2011.03.24"]
[Round "5"]
[White "Fernau, Jens"]
[Black "Urban, Thomas"]
[Result "0-1"]
[WhiteElo "1060"]
[BlackElo "1260"]
[PlyCount "80"]
[EventDate "2011.03.20"]
[EventType "swiss"]
[EventRounds "9"]
[EventCountry "GER"]
[SourceTitle "CBM 141 Extra"]
[Source "ChessBase"]
[SourceDate "2011.05.03"]
[SourceVersion "1"]
[SourceVersionDate "2011.05.03"]
[SourceQuality "1"]

1. d4 d5 2. Nf3 e6 3. g3 c5 4. Be3 c4 5. Nc3 Bb4 6. Qd2 Nf6 7. Bg5 h6 8. Bxf6 Qxf6 9. b3 b5 10. Bg2 a5 11. a3 Bxc3 12. Qxc3 Bb7 13. 0-0 0-0 14. Ne5 Qe7 15. f4 f6 16. Ng6 Qf7 17. Nxf8 Qxf8 18. f5 Qd6 19. fxe6 Qxe6 20. Rae1 Nc6 21. e4 b4 22. Qf3 Nxd4 23. Qd1 Qb6 24. Kh1 bxa3 25. exd5 cxb3 26. cxb3 Nxb3 27. Qc2 Rc8 28. Qa2 Qb4 29. Rb1 Rc3 30. Rf4 Qb5 31. d6 Bxg2+ 32. Qxg2 Qd3 33. Rff1 Rc2 34. Qa8+ Kh7 35. Rbd1 Nd2 36. Rfe1 Qxd6 37. Qxa5 Qc6+ 38. Kg1 Nf3+ 39. Kf1 Nxh2+ 40. Kg1 Qg2# 0-1

[Event "Leipzig VfB op 18th"]
[Site "Leipzig"]
[Date "2011.03.23"]
[Round "2"]
[White "Thalwitzer, Bernd"]
[Black "Fernau, Jens"]
[Result "1-0"]
[WhiteElo "1771"]
[BlackElo "1060"]
[PlyCount "70"]
[EventDate "2011.03.20"]
[EventType "swiss"]
[EventRounds "9"]
[EventCountry "GER"]
[SourceTitle "CBM 141 Extra"]
[Source "ChessBase"]
[SourceDate "2011.05.03"]
[SourceVersion "1"]
[SourceVersionDate "2011.05.03"]
[SourceQuality "1"]

1. e4 e5 2. Nf3 Nc6 3. Bb5 d6 4. Qe2 g6 5. d3 Bg7 6. c3 Nf6 7. Nbd2 a6 8. Ba4 b5 9. Bc2 0-0 10. Nf1 d5 11. Ng3 d4 12. a4 b4 13. c4 a5 14. Bg5 h6 15. Bd2 Nh5 16. Nxh5 gxh5 17. h3 f5 18. Nh2 Qe8 19. Rg1 Qg6 20. 0-0-0 f4 21. Nf3 Bf6 22. g4 hxg4 23. hxg4 Bxg4 24. Rxg4 Qxg4 25. Rg1 h5 26. Qd1 Kf7 27. Rxg4 hxg4 28. Ng1 Rg8 29. Bb3 Rg7 30. c5+ Ke7 31. Qc2 Rag8 32. Bxg8 Rxg8 33. Qc4 Rg6 34. Ne2 f3 35. Ng3 Bh4 1-0

[Event "Leipzig VfB op 16th"]
[Site "Leipzig"]
[Date "2009.04.02"]
[Round "5"]
[White "Fernau, Jens"]
[Black "Bischoff, Roger"]
[Result "0-1"]
[WhiteElo "1000"]
[BlackElo "1671"]
[PlyCount "46"]
[EventDate "2009.03.31"]
[EventType "swiss"]
[EventRounds "9"]
[EventCountry "GER"]
[SourceTitle "EXT 2010"]
[Source "ChessBase"]
[SourceDate "2010.11.25"]
[SourceVersion "1"]
[SourceVersionDate "2010.11.25"]
[SourceQuality "1"]

1. e4 c6 2. d4 d5 3. Nc3 dxe4 4. Nxe4 Bf5 5. Bd3 Qxd4 6. Qe2 Bxe4 7. Bxe4 Nf6 8. Bf3 e6 9. c3 Qd8 10. Bg5 Be7 11. Rd1 Qa5 12. a3 Qxg5 13. Nh3 Qa5 14. 0-0 0-0 15. Rd3 Nbd7 16. Bh5 g6 17. Nf4 gxh5 18. Rh3 h4 19. Rxh4 Qg5 20. g3 Kh8 21. Nh5 Rg8 22. Nxf6 Nxf6 23. f4 Qxh4 0-1

[Event "Leipzig VfB op 16th"]
[Site "Leipzig"]
[Date "2009.04.01"]
[Round "2"]
[White "Tomassetti, Giuseppe"]
[Black "Fernau, Jens"]
[Result "1-0"]
[WhiteElo "1697"]
[BlackElo "1000"]
[PlyCount "55"]
[EventDate "2009.03.31"]
[EventType "swiss"]
[EventRounds "9"]
[EventCountry "GER"]
[SourceTitle "EXT 2010"]
[Source "ChessBase"]
[SourceDate "2010.11.25"]
[SourceVersion "1"]
[SourceVersionDate "2010.11.25"]
[SourceQuality "1"]

1. e4 e5 2. Nf3 Nc6 3. d4 d5 4. exd5 Qxd5 5. Nc3 Bb4 6. Bd2 Bxc3 7. Bxc3 e4 8. Ne5 Nf6 9. Bc4 Qd8 10. Nxf7 Qe7 11. Nxh8 Bg4 12. Be2 Bxe2 13. Qxe2 0-0-0 14. 0-0-0 Nd5 15. Be1 Rxh8 16. Kb1 Rd8 17. c3 Qe6 18. Bd2 Qg6 19. Be3 a6 20. g4 Na7 21. h4 h6 22. h5 Qb6 23. Rc1 Nb5 24. Ka1 Na7 25. c4 Nb4 26. d5 Nd3 27. Bxb6 Nxc1 28. Rxc1 1-0

[Event "Leipzig VfB op 15th"]
[Site "Leipzig"]
[Date "2008.03.02"]
[Round "9"]
[White "Kreyssig, Markus"]
[Black "Fernau, Jens"]
[Result "1-0"]
[WhiteElo "1803"]
[BlackElo "1006"]
[PlyCount "39"]
[EventDate "2008.02.26"]
[EventType "swiss"]
[EventRounds "9"]
[EventCountry "GER"]
[SourceTitle "CBM 123 Extra"]
[Source "ChessBase"]
[SourceDate "2008.05.06"]
[SourceVersion "1"]
[SourceVersionDate "2008.05.06"]
[SourceQuality "1"]

1. d4 d5 2. c4 Nf6 3. Nc3 c6 4. e3 Bf5 5. cxd5 e6 6. dxe6 fxe6 7. Bc4 Bd6 8. Qb3 Qe7 9. Nf3 b5 10. Be2 Nbd7 11. 0-0 Ng4 12. h3 Nh6 13. e4 Bxh3 14. gxh3 e5 15. Bg5 Qf8 16. Qe6+ Be7 17. Nxe5 Nxe5 18. dxe5 Rb8 19. Rad1 Nf7 20. Qxc6# 1-0

[Event "Leipzig VfB op 15th"]
[Site "Leipzig"]
[Date "2008.02.29"]
[Round "5"]
[White "Weigel, Helmut"]
[Black "Fernau, Jens"]
[Result "1-0"]
[WhiteElo "1593"]
[BlackElo "1006"]
[PlyCount "99"]
[EventDate "2008.02.26"]
[EventType "swiss"]
[EventRounds "9"]
[EventCountry "GER"]
[SourceTitle "CBM 123 Extra"]
[Source "ChessBase"]
[SourceDate "2008.05.06"]
[SourceVersion "1"]
[SourceVersionDate "2008.05.06"]
[SourceQuality "1"]

1. d4 d5 2. c4 c6 3. Nc3 Nf6 4. e3 Bf5 5. Bd3 Bxd3 6. Qxd3 e6 7. Nf3 Bd6 8. 0-0 0-0 9. b3 Nbd7 10. Bb2 Re8 11. cxd5 exd5 12. a4 Ne4 13. Ne2 Ndf6 14. Ne5 Ng4 15. Nxg4 Qh4 16. Ne5 Bxe5 17. dxe5 Re6 18. g3 Qd8 19. Nf4 Rh6 20. Kg2 g5 21. Ne2 Qd7 22. Ng1 Qg4 23. Qd1 Qe6 24. g4 Nd2 25. Qe2 Nxf1 26. Rxf1 c5 27. f4 Rh4 28. f5 Qh6 29. h3 Qc6 30. Qf3 c4 31. Rc1 b5 32. a5 Rd8 33. Bd4 a6 34. b4 Re8 35. f6 Qe6 36. Qg3 h6 37. Nf3 Kh7 38. Nxh4 gxh4 39. Qxh4 Rg8 40. Rf1 Rg5 41. Qg3 Kg6 42. Qf4 h5 43. Kg3 hxg4 44. hxg4 Qc8 45. Bc3 Qh8 46. Qf3 Qd8 47. Rd1 Qd7 48. Rxd5 Qe6 49. Rd8 Kh7 50. Qh1+ 1-0